Справочник по радиоизмерительным приборам

ग्रंथसूची विवरण
मुख्य लेखक: Осипов К. Д. Константин Дмитриевич
अन्य लेखक: Пасынков В. В. Всеволод Владимирович (редактор), Ремез Г. А.
भाषा:रूसी
प्रकाशित: Москва, Советское радио, 1964
स्वरूप: MixedMaterials पुस्तक
KOHA link:https://koha.lib.tpu.ru/cgi-bin/koha/opac-detail.pl?biblionumber=133781

MARC

LEADER 00000nam1a2200000 4500
001 133781
005 20231031135433.0
035 |a (RuTPU)RU\TPU\book\145000 
090 |a 133781 
100 |a 20080320d1964 m y0rusy50 ca 
101 0 |a rus 
102 |a RU 
200 1 |a Справочник по радиоизмерительным приборам  |f К. Д. Осипов, В. В. Пасынков  |g под ред. Г. А. Ремеза 
210 |a Москва  |c Советское радио  |d 1964 
675 |a 621.396.08(035)  |v 3 
700 1 |a Осипов  |b К. Д.  |g Константин Дмитриевич 
701 1 |a Пасынков  |b В. В.  |g Всеволод Владимирович 
702 1 |a Ремез  |b Г. А.  |4 340 
801 1 |a RU  |b 63413507  |c 20080320  |g PSBO 
942 |c BK